000
00188 a2200097 4500
020
_a
090129003501
041
_a
eng
100
_a
Kamida, Vicki
245
_a
X-men dark phoenix
942
_c
BK
999
_c
30112
_d
30110